| 000 | 01239cam a22003617a 4500 | ||
|---|---|---|---|
| 003 | CHAP | ||
| 005 | 20220817043912.0 | ||
| 008 | 030806d2003 usa r 00110 spa d | ||
| 010 | _a87510 | ||
| 011 | _a88482 | ||
| 020 | _a0896297195 | ||
| 035 | _a99027 | ||
| 040 | _cCHAP | ||
| 082 | 0 | 4 |
_a338.19 _bH7Y |
| 100 | 0 | 0 |
_aHoddinott, John _eed. _955732 |
| 245 | 1 | 0 |
_aMétodos para proyectos de desarrollo rural _c/ed. por John Hoddinott |
| 260 |
_aWashington, D.C. : _bInternational Food Policy Research Institute, _c2003. |
||
| 300 |
_a118 p. : _bilus. |
||
| 410 | 0 | 0 | _aInternational Food Policy Research Institute |
| 490 | 0 | _aSeguridad alimentaria en la práctica | |
| 590 |
_aBATCH-UPD _b10 _c20130110 _lUCH01 _h0627 |
||
| 590 |
_aBATCH-UPD _b10 _c20130410 _lUCH01 _h0310 |
||
| 590 |
_aBATCH-UPD _b10 _c20130914 _lUCH01 _h0203 |
||
| 590 |
_aCONVERSION _b10 _c20130109 _lUCH01 _h1349 |
||
| 650 | 1 | 4 |
_aAlimentos _xAbastecimiento. |
| 650 | 1 | 4 |
_aDesarrollo rural. _932067 |
| 810 | _aInternational Food Policy Research Institute | ||
| 830 | 0 | 0 |
_aSeguridad alimentaria en la práctica _9103674 |
| 901 | _aBK | ||
| 905 | _aAlejandra Carrasco M. | ||
| 942 | _cLIBRO | ||
| 949 |
_a338.19 H7Y _bBC _cLIBRO _d33724000897492 _eLIBRO _h103788 _i99027 _sb |
||
| 999 |
_c87510 _d87510 |
||